• 首页
  • 本馆介绍
  • 公告通知
  • 最新文献
  • 馆藏检索
  • 电子资源
  • 读者导购
  • 参考咨询
  • 我的图书馆
  • 登录
  • 详细信息显示
  • 放入我的书架
  • 预约/预借图书
  • 作者相关作品
  • 分类相关作品
  • 丛书相关作品
  • 出版社相关作品

书目信息

  • 表格格式
  • 工作单格式
  • 卡片格式
题名:
红楼梦诗词联语评注
    
 
作者: 于舟 , 牛武 编
分册:  
出版信息: 太原   山西人民出版社  1980
页数: 286页
开本: 19cm
丛书名:
单 册:
中图分类: I207.411 , I207.2
科图分类:
主题词: 诗词-红楼梦-文学研究 , 文学研究-诗词-红楼梦
电子资源:
ISBN:
000 00748nam0 2200277 45
001 1568415427
005 20150124190133.89
010    @dCNY0.72
091    @aCN@b10088.686
100    @a19950410d1980 emky0chiy0121 ea
101 0  @achi
102    @aCN@b140000
105    @ay z 000zy
200 10 @a红楼梦诗词联语评注@Ahong lou meng shi ci lian yu ping zhu@f于舟,牛武编
210    @a太原@c山西人民出版社@d1980
215    @a286页@d19cm
605    @a红楼梦-诗词-文学研究
606    @a诗词-红楼梦-文学研究
606    @a文学研究-诗词-红楼梦
690    @aI207.411@v3
690    @aI207.2@v4
701  0 @a于舟@Ayu zhou@4编
701  0 @a牛武@Aniu wu@4编
801  0 @aCN@bTSSF@c20150124
801  2 @aCN@bNLC
905    @aZUCC@dI207.2@eJY100
    
    红楼梦诗词联语评注/于舟,牛武编.-太原:山西人民出版社,1980
    286页;19cm
    
    
    ISBN :CNY0.72
    
●
相关链接 在E读中查询图书 在五车中查询图书 在当当中查询图书 在豆瓣中查询图书


正题名:红楼梦诗词联语评注     索取号:I207.2/JY100         预约/预借

序号 登录号 条形码 馆藏地/架位号 状态 备注
1 7843529   278435294   学院路分馆/ [索取号:I207.2/JY100] 在馆    
唐山师范学院图书馆 欢迎您!
大连网信软件有限公司© 版权所有